000 01701nam a2200349 i 4500
001 000001982
003 DO-SdBNP
005 20260212122153.0
007 ta
008 090630s2008 dr 000 0 spa d
020 _a9789945162165
040 _aDO-SdBNP
_bspa
_cBNPHU
_erda
082 4 _a346.015
_bE91d, 2008
_222
100 1 _aEusebio Gautreau, Dora Evangelina
_96436
_eautora
245 1 0 _aDerechos de familia y de la personalidad /
_cDora Evangelina Eusebio Gautreau.
250 _a2ª edición ampliada y actualizada
264 _aSanto Domingo :
_bMERICARIB, Búho,
_c2008
300 _axxvi, 325 p. ;
_c22 cm.
336 _2rdacontent
_atexto
_btxt
337 _ardamedia
_bsin mediación
_2n
338 _2rdacarrier
_avolumen
_bnc
500 _aIncluye datos biográficos de la autora en la solapa.
504 _aBibliografía: p. 319-325.
505 0 _tLa familia y el derecho de familia --
_tOrigen y evolución de la familia --
_tLa familia en la legislación dominicana --
_tLos sujetos del derecho. Las personas --
_tLa ausencia y la desaparición --
_tLos derechos de la personalidad --
_tAtentados contra la personalidad y la dignidad de las personas --
_tEl estado civil de las personas --
_tLas actas del estado civil --
_tLas relaciones de pareja. El matrimonio --
_tLas uniones consensuales --
_tEl divorcio --
_tBibliografía.
590 _aInventariado, 2018/DG
650 4 _aDerecho de familia
_zRepública Dominicana
_96437
650 4 _aPersonalidad (derecho)
_zRepública Dominicana
_96438
650 4 _aFamilia
_xAspectos sociales
_zRepública Dominicana
_96439
650 0 _aRelaciones familiares
_9801
910 _aValidado. Control de calidad EMS
942 _2ddc
_cLBS1
999 _c1848
_d1848